| 000 | 00646nam a2200205Ia 4500 | ||
|---|---|---|---|
| 003 | GCL | ||
| 008 | 140319s9999 xx 000 0 ara d | ||
| 040 |
_aGCL / _cGCL |
||
| 082 | 0 | 4 |
_a621 _bا م |
| 100 | 1 | _aاياد الداهوك | |
| 245 | 1 | 0 |
_aمقاومة المواد / _cاياد الداهوك |
| 700 | 1 | _aشادى ابوسريس | |
| 250 | _aالاولى | ||
| 260 |
_aالاردن : _bمكتبة المجتمع العربى للنشر والتوزيع ، _c2004 |
||
| 300 |
_a185 ص ؛ _c24 سم |
||
| 650 | 0 | 4 | _aالفيزياء التطبيقية |
| 650 | 0 | 4 | _aالميكانيكا |
| 650 | 0 | 4 | _aالمادة |
| 942 |
_2ddc _cBK |
||
| 999 |
_c36575 _d36575 |
||